Международное сотрудничество в профессиональном образовании; Инженерное образование; № 9
| Parent link: | Инженерное образование: электронный научный журнал/ Ассоциация инженерного образования России (АИОР).— : [Б. и.], 2003-.— 1810-2883 № 9.— 2012.— [С. 104-109] |
|---|---|
| Hovedforfatter: | |
| Andre forfattere: | |
| Summary: | Заглавие с титульного листа В статье рассмотрены вопросы теории и практики реализации международного сотрудничества для повышения конкурентоспособности выпускников учреждений профессионального образования в России на основе внедрения адаптационного потенциала зарубежного опыта. The article deals with the problems of theory and practice in international cooperation for increasing the graduates' competitive ability of vocational training institutions in Russia on the basis of implementation of adapted potential of international cooperation foreign experience in vocational education. |
| Sprog: | russisk |
| Udgivet: |
2012
|
| Serier: | Проблемы в организации инженерного образования |
| Fag: | |
| Online adgang: | https://old.aeer.ru/files/io/m9/art_13.pdf |
| Format: | Electronisk Book Chapter |
| KOHA link: | https://koha.lib.tpu.ru/cgi-bin/koha/opac-detail.pl?biblionumber=515767 |
MARC
| LEADER | 00000naa2a2200000 4500 | ||
|---|---|---|---|
| 001 | 515767 | ||
| 005 | 20250520134959.0 | ||
| 035 | |a (RuTPU)RU\TPU\prd\192885 | ||
| 035 | |a RU\TPU\prd\192837 | ||
| 090 | |a 515767 | ||
| 100 | |a 20130729d2012 k y0rusy50 ca | ||
| 101 | 0 | |a rus | |
| 102 | |a RU | ||
| 135 | |a drnn ---uucaa | ||
| 181 | 0 | |a i | |
| 182 | 0 | |a b | |
| 200 | 1 | |a Международное сотрудничество в профессиональном образовании |b Электронный ресурс |f Е. Л. Руднева, М. П. Пальянов | |
| 203 | |a Текст |c электронный | ||
| 215 | |a 1 файл (200 Кб) | ||
| 225 | 1 | |a Проблемы в организации инженерного образования | |
| 230 | |a Электронные текстовые данные (1 файл : 200 Кб) | ||
| 300 | |a Заглавие с титульного листа | ||
| 320 | |a [Библиогр.: с. 109 (3 назв.)] | ||
| 330 | |a В статье рассмотрены вопросы теории и практики реализации международного сотрудничества для повышения конкурентоспособности выпускников учреждений профессионального образования в России на основе внедрения адаптационного потенциала зарубежного опыта. | ||
| 330 | |a The article deals with the problems of theory and practice in international cooperation for increasing the graduates' competitive ability of vocational training institutions in Russia on the basis of implementation of adapted potential of international cooperation foreign experience in vocational education. | ||
| 337 | |a Adobe Reader | ||
| 461 | 1 | |0 (RuTPU)RU\TPU\prd\176632 |x 1810-2883 |t Инженерное образование |o электронный научный журнал |f Ассоциация инженерного образования России (АИОР) |n [Б. и.] |d 2003- | |
| 463 | 1 | |0 (RuTPU)RU\TPU\prd\192267 |t № 9 |v [С. 104-109] |d 2012 | |
| 610 | 1 | |a высшее профессиональное образование | |
| 610 | 1 | |a инженерное образование | |
| 610 | 1 | |a российское образование | |
| 610 | 1 | |a международное сотрудничество | |
| 610 | 1 | |a международный опыт | |
| 610 | 1 | |a образовательное пространство | |
| 610 | 1 | |a интеграция | |
| 610 | 1 | |a адаптация | |
| 610 | 1 | |a конкурентоспособность | |
| 610 | 1 | |a Россия | |
| 610 | 1 | |a США | |
| 610 | 1 | |a электронный ресурс | |
| 700 | 1 | |a Руднева |b Е. Л. |g Елена Леонидовна | |
| 701 | 1 | |a Пальянов |b М. П. |g Михаил Павлович | |
| 801 | 1 | |a RU |b 63413507 |c 20090623 |g PSBO | |
| 801 | 2 | |a RU |b 63413507 |c 20130729 |g PSBO | |
| 856 | 4 | |u https://old.aeer.ru/files/io/m9/art_13.pdf | |
| 942 | |c BK | ||